| 000 | 01493nam a2200313 a 4500 | ||
|---|---|---|---|
| 001 | 12747 | ||
| 003 | BD-JhCC | ||
| 005 | 20230510114020.0 | ||
| 008 | 230510s1995 nyua b 00100 eng | ||
| 010 | _a95001815 | ||
| 020 |
_a0385477813 _qpaperback |
||
| 035 | _a(BD-JhCC)12747 | ||
| 040 |
_aANL _beng _dANL _dBD-JhCC _cBD-JhCC |
||
| 082 | 0 | 0 |
_a530.1 _220 _bKAK 1995 |
| 100 | 1 | _aKaku, Michio. | |
| 245 | 1 | 0 |
_aBeyond Einstein : _bthe cosmic quest for the theory of the universe / _cMicho Kaku and Jennifer Trainer Thompson. |
| 250 | _aRev. and updated., 1st Anchor Books ed. | ||
| 260 |
_aNew York : _bAnchor Books, _c1995. |
||
| 300 |
_axi, 224 p. : _bill. ; _c21 cm. |
||
| 504 | _aIncludes bibliographical references (p. [211]-212) and index. | ||
| 505 | 0 | _aPt. I. A Theory of the Universe. 1. Superstrings: A Theory of Everything? 2. The Quest for Unification. 3. The Quantum Puzzle. 4. The Riddle of Infinities. 5. The Top Quark -- Pt. II. Supersymmetry and Superstrings. 6. The Birth of the Superstring Theory. 7. Symmetry: The Missing Link. 8. Supersymmetry -- Pt. III. Beyond the Fourth Dimension. 9. Before the Big Bang. 10. The Mystery of Dark Matter. 11. Cosmic Strings. 12. Journey to Another Dimension. 13. Back to the Future. 14. Beyond Einstein. | |
| 650 | 0 | _aUnified field theories. | |
| 650 | 0 | _aSuperstring theories. | |
| 650 | 0 | _aSupersymmetry. | |
| 650 | 0 | _aCosmology. | |
| 700 | 1 | _aThompson, Jennifer Trainer. | |
| 942 |
_2ddc _cBK |
||
| 999 |
_c12747 _d12747 |
||